|
|
|
|
| LEADER |
01224naa a2200229 i 4500 |
| 001 |
acta83860 |
| 005 |
20240415131858.0 |
| 008 |
240415s2023 hu o 1|| hun d |
| 020 |
|
|
|a 978-963-306-928-8
|
| 040 |
|
|
|a SZTE Egyetemi Kiadványok Repozitórium
|b hun
|
| 041 |
|
|
|a hun
|
| 100 |
1 |
|
|a Kóródi Márta
|
| 245 |
1 |
0 |
|a Vidéki turizmusfejlesztés szegmentáláson alapuló módszerekkel az Alsó-Ipoly mente példáján keresztül
|h [elektronikus dokumentum] :
|b [absztrakt] /
|c Kóródi Márta
|
| 260 |
|
|
|a SZTE Mérnöki Kar
|b Szeged
|c 2023
|
| 300 |
|
|
|a 60
|
| 490 |
0 |
|
|a Műszaki, technológiai és gazdasági kihívások a 21. században : nemzetközi magyar nyelvű tudományos konferencia
|
| 650 |
|
4 |
|a Társadalomtudományok
|
| 650 |
|
4 |
|a Társadalom- és gazdaságföldrajz
|
| 695 |
|
|
|a Vidékfejlesztés - Magyarország - regionális - előadáskivonat, Turizmus - Magyarország - regionális - előadáskivonat, Idegenforgalom - Magyarország - regionális - előadáskivonat
|
| 700 |
0 |
1 |
|a Mondok Anita
|e aut
|
| 711 |
|
|
|a Műszaki, technológiai és gazdasági kihívások a 21. században
|c Szeged
|d 2023. március 31.
|
| 856 |
4 |
0 |
|u http://acta.bibl.u-szeged.hu/83860/1/mtg_kihivasok_konf_2023_060.pdf
|z Dokumentum-elérés
|